书目信息 |
| 题名: |
东方古城堡
|
|
| 作者: | 郭志坤 , 张志星 著 | |
| 分册: | ||
| 出版信息: | 上海 上海人民出版社 2008.06 |
|
| 页数: | 202页 | |
| 开本: | 24cm | |
| 丛书名: | ||
| 单 册: | ||
| 中图分类: | TU241.5 | |
| 科图分类: | ||
| 主题词: | 民居--min ju--研究--福建省 | |
| 电子资源: | ||
| ISBN: | 978-7-208-07895-6 | |
| 000 | 01125nam0 2200265 450 | |
| 001 | 012009241640 | |
| 005 | 20090420141441.45 | |
| 010 | @a978-7-208-07895-6@dCNY38.00 | |
| 100 | @a20090420d2008 em y0chi0120 ea | |
| 101 | 0 | @achi |
| 102 | @aCN@b310000 | |
| 105 | @aa a 000yy | |
| 106 | @ar | |
| 200 | 1 | @a东方古城堡@Adong fang gu cheng bao@e福建永定客家土楼@d= Oriental fortress@eFujian Youngding Hakka Tulou@f郭志坤, 张志星著@Fguo zhi kun,zhang zhi xing zhu@zeng |
| 210 | @a上海@c上海人民出版社@d2008.06 | |
| 215 | @a202页@c图@d24cm | |
| 330 | @a本书是在遍阅有关图书,并与相关基层干部、旅游点的经营工作人员、土楼乡亲进行广泛的交流与沟通,获得了大量的第一手资料的基础上编撰而成的,图文并茂地考察了客家土楼的渊源、演变、概貌、类型、功能、艺术、文化、习俗、影响等。 | |
| 510 | 1 | @aOriental fortress@eFujian Youngding Hakka Tulou@zeng |
| 517 | 1 | @a福建永定客家土楼@Afu jian yong ding ke jia tu lou |
| 606 | 0 | @a民居@Amin ju@x研究@y福建省 |
| 690 | @aTU241.5@v4 | |
| 701 | 0 | @a郭志坤@Aguo zhi kun@4著 |
| 701 | 0 | @a张志星@Azhang zhi xing@4著 |
| 801 | 0 | @aCN@bQSSK@c20090420 |
| 905 | @b737843-45@dTU241.5@eG873@f3 | |
| 东方古城堡:福建永定客家土楼= Oriental fortress:Fujian Youngding Hakka Tulou/郭志坤, 张志星著.-上海:上海人民出版社,2008.06 |
| 202页:图;24cm |
| ISBN 978-7-208-07895-6:CNY38.00 |
| 本书是在遍阅有关图书,并与相关基层干部、旅游点的经营工作人员、土楼乡亲进行广泛的交流与沟通,获得了大量的第一手资料的基础上编撰而成的,图文并茂地考察了客家土楼的渊源、演变、概貌、类型、功能、艺术、文化、习俗、影响等。 |
| ● |
| 相关链接 |
|
|
|
正题名:东方古城堡
索取号:TU241.5/G873
 
预约/预借
| 序号 | 登录号 | 条形码 | 馆藏地/架位号 | 状态 | 备注 |
| 1 | 737843 | 207378434 | 建筑库101/101建筑库 65排4列5层/ [索取号:TU241.5/G873] | 在馆 | |
| 2 | 737844 | 207378443 | 自科二线404/404自科库 14排2列5层/ [索取号:TU241.5/G873] | 在馆 | |
| 3 | 737845 | 207378452 | 建筑库101/101建筑库 65排4列5层/ [索取号:TU241.5/G873] | 在馆 |